The communist manifesto (Record no. 67223)

MARC details
000 -LEADER
fixed length control field 00365nam a22001577a 4500
005 - DATE AND TIME OF LATEST TRANSACTION
control field 20260413182323.0
008 - FIXED-LENGTH DATA ELEMENTS--GENERAL INFORMATION
fixed length control field 260413b |||||||| |||| 00| 0 eng d
040 ## - CATALOGING SOURCE
Transcribing agency PK-LaNCA
082 ## - DEWEY DECIMAL CLASSIFICATION NUMBER
Classification number 320.532
Item number MAR
100 ## - MAIN ENTRY--PERSONAL NAME
Author Name Marx, Karl
245 ## - TITLE STATEMENT
Title The communist manifesto
260 ## - PUBLICATION, DISTRIBUTION, ETC.
Place of publication, distribution, etc. Folio Books
Name of publisher, distributor, etc. Lahore
Date of publication, distribution, etc. 2018
300 ## - PHYSICAL DESCRIPTION
Pages 61p
650 ## - SUBJECT ADDED ENTRY--TOPICAL TERM
Subject Communism
942 ## - ADDED ENTRY ELEMENTS (KOHA)
Koha item type Book
999 ## -
-- 67223
-- 67223
Holdings
Withdrawn status Weedout from Library Permanent Location Current Location Shelving location Date acquired Full call number Barcode Price effective from Koha item type
    NATIONAL COLLEGE OF ARTS, LAHORE - LIBRARY NATIONAL COLLEGE OF ARTS, LAHORE - LIBRARY General Section Library Basement 13/04/2026 320.532 MAR 38174 38174 13/04/2026 Book